Regulatory mechanisms of the Polish health services market in the light of current legal provisions / (Rekord nr 8902)
| 000 -ETYKIETA REKORDU | |
|---|---|
| podpole kontrolne o stałej długości | 00721naa a22001577i 4500 |
| 001 - NUMER KONTROLNY REKORDU | |
| podpole kontrolne | 8902 |
| 003 - IDENTYFIKATOR NUMERU KONTROLNEGO REKORDU | |
| podpole kontrolne | KOSZ 005 |
| 005 - DATA OSTATNIEJ MODYFIKACJI REKORDU | |
| podpole kontrolne | 20180504123700.0 |
| 008 - POLE O STAŁEJ DŁUGOŚCI - DANE KONTROLNE | |
| podpole kontrolne o stałej długości | 180310s2012 sl |||f| ||||1|| 0 pol d |
| 040 ## - ŹRÓDŁO KATALOGOWANIA | |
| Instytucja, która utworzyła rekord | KOSZ 005/HR |
| Instytucja, która sporządziła opis | KOSZ 005/HR |
| 041 0# - KOD JĘZYKA | |
| Kod języka tekstu | pol |
| 100 1# - NAZWA OSOBOWA | |
| Nazwa osobowa | ZALESKA, Beata. |
| Instytucja | Politechnika Koszalińska - Wydział Nauk Ekonomicznych, |
| Wydział | Katedra Rachunkowości. |
| Lata pracy | 1996 - . |
| 245 10 - TYTUŁ/ODPOWIEDZIALNOŚĆ | |
| Tytuł | Regulatory mechanisms of the Polish health services market in the light of current legal provisions / |
| Pozostałe elementy strefy tytułu i oznaczenia odpowiedzialności | Beata Zaleska. |
| 773 0# - TYTUŁ DOKUMENTU MACIERZYSTEGO | |
| Wyrażenie wprowadzające | W : |
| Tytuł | Proceedings in Electronic International Interdisciplinary EIIC 2012 : Conference EDIS. - |
| Adres wydawniczy | Zilina : Publishing Institution of the University of Zilina, 2012. - |
| Informacje dotyczące relacji | s. 379 – 383. |
| 942 ## - HASŁO DODATKOWE - ELEMENTY(KOHA) | |
| Typ dokumentu | Rozdział |
| Schemat klasyfikacji | Uniwersalna klasyfikacja dziesiętna |
Brak dostępnych egzemplarzy.
